00947nam a2200157 4500008001000000020001800010082001500028100003900043245001400082260007700096300003500173505034400208650011200552999001500664952011000679779 H557c a9789930964613 a779bH557c aHernández, José Alberto 97023 aCapturas  aSan José, Costa Rica bMuseo de Arte y Diseño Contemporáneo c2018 a68 p. bcol (il) c21 x 14 cm  tPresentación rRocío Fernández de Ulibarri tPresentación rFiorella Resenterra tCapturas rAdriana Collado-Chaves tInventario tR.I.P.tGráfica de encierro tCapturas: lo documental y lo inasible rErnesto Calvo t¿Para quién es la justicia rRoberto Guerrero tCapturasrJosé Alberto Hernández rCurriculum de artista  xarte contemporáneo xarte - fotografía xfotografía - exhibición xfotografía - Costa Rica 97024 c1778d1778 00102ddc4070aLVbLVcGráficad2019-05-11l0o779 H557cp004773r2019-05-11 00:00:00w2019-05-11y01